Els Serveis de sanitat i assistència social de Catalunya : reports i impressions del meu pas per la Conselleria de la Generalitat... / Felip Bertran i Güell reports i impressions del meu pas per la Conselleria de la Generalitat... / Felip Bertran i Güell
Descripción Física:
305 p., [2] f. ; 20 cm
MARC
| LEADER | 00000nam a2200000Ia 4500 | ||
|---|---|---|---|
| 001 | 619 | ||
| 008 | 160829s1936 (Sabadell : Imp. Joan Sallent) xx 000 0 cat d | ||
| 080 | |a C-1-367 | ||
| 100 | |a Bertrán Güell, Felipe |9 20142 | ||
| 245 | |a Els Serveis de sanitat i assistència social de Catalunya : |b reports i impressions del meu pas per la Conselleria de la Generalitat... / Felip Bertran i Güell | ||
| 260 | |a Barcelona : |b Llibreria Verdaguer, |c 1936 (Sabadell : Imp. Joan Sallent) | ||
| 300 | |a 305 p., [2] f. ; |c 20 cm | ||
| 650 | 0 | |a Serveis socials |z Catalunya |9 18033 | |
| 650 | 0 | |a Salut pública |z Catalunya |9 19129 | |
| 901 | |a Arxiu | ||
| 942 | |n 1 | ||
| 952 | |0 0 |1 0 |4 0 |6 C1367 |7 1 |9 41460 |a Arxiu |b Arxiu |d 2016-12-01 |l 0 |o C-1-367 |p 619 |r 2016-12-01 00:00:00 |w 2016-12-01 |y ARXIU | ||
| 999 | |c 43268 |d 43268 | ||